000 00833nam a22002777a 4500
003 CHAP
005 20220329140920.0
008 971013c19601954 r 00010 d
010 _a59766
011 _a60738
035 _a64900
040 _cCHAP
082 0 0 _a636.2084
_bH45 1960
100 0 0 _aHenderson, Harry Oram.
_953534
245 1 0 _aDairy cattle feeding and management
_c/por Harry Oram Henderson y Paul Marvin Reaves
250 _a4 ed.
260 _aNew York :
_bWiley,
_c1960
300 _a614 p.
_b: ilus.
590 _aBATCH-UPD
_b10
_c20130110
_lUCH01
_h1913
590 _aCONVERSION
_b10
_c20130109
_lUCH01
_h1332
650 1 4 _aGanado lechero.
_945237
700 0 _aReaves, Paul Marvin.
_994945
901 _aBK
942 _cLIBRO
949 _a636.2084 H45 1960
_bBC
_cLIBRO
_d33724000096582
_eLIBRO
_h27756
_i64900
_si
999 _c59766
_d59766